Технология производства, переработки и стандартизации продуктов пчеловодства в Дальневосточном регионе (Запись № 397124)

Подробности
000 -МАРКЕР
контрольное поле 02365nam0a2200349 4500
001 - ИДЕНТИФИКАТОР ЗАПИСИ
контрольное поле RU\NLR\bibl\376792
005 - ИДЕНТИФИКАТОР ВЕРСИИ
контрольное поле 20250622152143.0
021 ## - НОМЕР ГОСУДАРСТВЕННОЙ РЕГИСТРАЦИИ
Код страны Российская Федерация
Номер 2003-16245
Номер Листа государственной регистраци 752
035 ## - ДРУГИЕ СИСТЕМНЫЕ НОМЕРА
Идентификатор записи (NLR Aleph) 000371257
100 ## - ДАННЫЕ ОБЩЕЙ ОБРАБОТКИ
Данные общей обработки 20030314d2002 |||y0rusy50 ca
101 0# - ЯЗЫК РЕСУРСА
Язык текста, звукозаписи и т.д. русский
102 ## - СТРАНА ПУБЛИКАЦИИ ИЛИ ПРОИЗВОДСТВА
Страна публикации Российская Федерация
105 ## - ПОЛЕ КОДИРОВАННЫХ ДАННЫХ: ТЕКСТОВЫЕ МАТЕРИАЛЫ, МОНОГРАФИЧЕСКИЕ
Кодированные данные о монографическом текстовом документе a |||||||||
200 1# - ЗАГЛАВИЕ И СВЕДЕНИЯ ОБ ОТВЕТСТВЕННОСТИ
Основное заглавие Технология производства, переработки и стандартизации продуктов пчеловодства в Дальневосточном регионе
Сведения, относящиеся к заглавию Учеб. пособие для студентов спец. 310200 "Агрономия", 310700 "Зоотехния", 311200 "Технология пр-ва и перераб. с.-х. продукции", 320400 "Агроэкология" с.-х. вузов региона
Первые сведения об ответственности Л.Г. Кодесь
Последующие сведения об ответственности М-во сел. хоз-ва Рос. Федерации. Департамент кадровой политики и образования, Примор. гос. с.-х. акад.
210 ## - ПУБЛИКАЦИЯ, РАСПРОСТРАНЕНИЕ И ДР.
Место издания, распространения и т.д. Уссурийск
Имя издателя, распространителя и т. д. Примор. гос. с.-х. акад.
Дата издания, распространения и т.д. 2002
215 ## - ФИЗИЧЕСКАЯ ХАРАКТЕРИСТИКА
Специфическое обозначение материала и объем 170 с.
Другие сведения о физической характеристике ил.
Размеры 20
225 1# - СЕРИЯ
Основное заглавие серии Учебники и учебные пособия для студентов высших учебных заведений
320 ## - ПРИМЕЧАНИЯ О НАЛИЧИИ В ДОКУМЕНТЕ БИБЛИОГРАФИИ / УКАЗАТЕЛЯ
Текст примечания Библиогр.: с.167-168
606 0# - НАИМЕНОВАНИЕ ТЕМЫ КАК ПРЕДМЕТ
Наименование темы Продукты пчеловодства
Формальный подзаголовок Руководства, пособия и т.п. для высшей школы
Тематический подзаголовок Переработка
Системный номер авторитетной/нормативной записи 2026302
Идентификатор авторитетной/нормативной записи RU\NLR\auth\66933011
606 0# - НАИМЕНОВАНИЕ ТЕМЫ КАК ПРЕДМЕТ
Наименование темы Продукты пчеловодства
Формальный подзаголовок Учебные издания для высшей школы
Тематический подзаголовок Переработка
Системный номер авторитетной/нормативной записи 2026302
Идентификатор авторитетной/нормативной записи RU\NLR\auth\66933011
606 0# - НАИМЕНОВАНИЕ ТЕМЫ КАК ПРЕДМЕТ
Наименование темы Пчеловодство
Формальный подзаголовок Руководства, пособия и т.п.
Географический подзаголовок Дальний Восток Российской Федерации
Системный номер авторитетной/нормативной записи 2282017
Идентификатор авторитетной/нормативной записи RU\NLR\auth\661367158
606 0# - НАИМЕНОВАНИЕ ТЕМЫ КАК ПРЕДМЕТ
Наименование темы Пчеловодство
Формальный подзаголовок Учебные издания для высшей школы
Географический подзаголовок Дальний Восток Российской Федерации
Системный номер авторитетной/нормативной записи 2282017
Идентификатор авторитетной/нормативной записи RU\NLR\auth\661367158
686 ## - ИНДЕКСЫ ДРУГИХ КЛАССИФИКАЦИЙ
Индекс Л847я73-1
686 ## - ИНДЕКСЫ ДРУГИХ КЛАССИФИКАЦИЙ
Индекс П691я73
700 #1 - ИМЯ ЛИЦА - ПЕРВИЧНАЯ ОТВЕТСТВЕННОСТЬ
Начальный элемент ввода Кодесь
Часть имени, кроме начального элемента ввода Л. Г.
Расширение инициалов личного имени Любовь Григорьевна
Код отношения Автор
801 #0 - ИСТОЧНИК ЗАПИСИ
Страна Российская Федерация
Организация NLR
Дата составления 20030314
Правила каталогизации PSBO
801 #1 - ИСТОЧНИК ЗАПИСИ
Страна Российская Федерация
Организация NLR
Дата составления 20030314
942 ## - ДОПОЛНИТЕЛЬНЫЕ ЭЛЕМЕНТЫ ЗАПИСИ (АБИС)
Тип экземпляра АБИС Книга
980 ## - КОЛЛЕКЦИЯ
Название коллекции Национальная библиография
980 ## - КОЛЛЕКЦИЯ
Название коллекции НБР
Экземпляры
Тип экземпляра Дата поступления Источник поступления Библиотека постоянного хранения Библиотека текущего хранения Место хранения Шифр хранения Штрих-код Статус экземпляра
Книга 14.03.2003 Контрольный экземпляр из типографии РНБ (Московский) РНБ (Московский) Русский книжный фонд: издания с 1957 года 2003-3/6108 440216  
Книга 02.06.2003 Обязательный экземпляр РНБ (Московский) РНБ (Московский) Русский книжный фонд: издания с 1957 года 2003-3/6108 491576  
Книга 02.06.2003 Обязательный экземпляр РНБ (Московский) РНБ (Московский) Обменный фонд   491577